000 00957nam a2200229 a 4500
999 _c11241
_d11241
001 11241
003 BD-JhCC
005 20190806201404.0
008 190606s 2017bg a|||| ||a| 000 0 ben d
020 _a9847009603945
035 _a(BD-JhCC)11241
040 _aBD-JhCC
_dBD-JhCC
041 _aben
082 _a954.9205
_bHAQ 2017
100 _aহক, মোহাম্মদ এমদাদুল
245 _aমুক্তিযুদ্ধের কিশোর ইতিহাস :
_bগোপালগঞ্জ জেলা /
_cমোহাম্মদ এমদাদুল হক, আমিনুর রহমান সুলতান (সম্পা)
260 _aঢাকা:
_bতাম্রলিপি;
_c২০১৭.
300 _a১৫১ পৃ. :
_bill;
_c২২ সেমি.
650 _aLiberation war
_xjuvenile
_y1971
_zBangladesh
700 _aসুলতান, আমিনুর রহমান
942 _2ddc
_cBK